000 00539nam a2200217Ia 4500
003 0100
008 130227s9999 xx 000 0 und d
040 _cARRUPELIB
050 _aBL65.V55M38
100 _aMcTernan, Oliver
245 _aViolence in God's name
245 _breligion in an age of conflict
260 _aLondon
260 _bDarton, Longman & Todd
260 _C2003
300 _a192p.
300 _b 23 cm
650 _bChristianity and art - Ireland
650 _cArt, Irish - 20th century
942 _2lcc
_02
999 _c3628
_d3628